000 02052cam a22005294i 4500
003 PE-LiUPU
005 20250731173448.0
008 150616s r 000 0 d
020 _a0943872383
035 _a(Sirsi) i9780943872384
040 _aPE-LiUPU
_bspa
_cPE-LiUPU
_erda
049 _aPRUA
082 0 4 _b6
_221
100 1 _aFerch, Artur J.,
_eautor.
245 1 4 _aThe Son of Man in Daniel 7.
_n6 /
_cArtur J. Ferch.
264 1 _aMichigan :
_bAndrews University Press Berrien Springs,
_c1976.
300 _a237 páginas ;
_c23 centímetros
336 _atext
_2rdacontent
337 _aunmediated
_2rdamedia
338 _avolume
_2rdacarrier
490 0 _aAndrews University Seminary Doctoral Dissertation ;
_v6
504 _aBibliografía: páginas 205-237.
505 0 _aA survey of post-new testament interpretations of the son of man in Daniel.- The son of man of Daniel 7 and his alleged airigins and parallels.- Daniel 7 and the son of man.
526 _aSEG42
526 _aSEG41
526 _aSEG40
526 _aSEG39
526 _aP94
526 _aP87
526 _aP86
526 _aP85
526 _aP77
526 _aP76
526 _aP35
630 _aBiblia.
_pA.T.
_pDaniel 7
_xComentarios.
650 0 4 _a
910 _ajck
_bjvq
_cjck
942 _2ddc
_cBOOK
949 _a220.6 A 6
_wDEWEY
_c1
_i54221
_mBUL
_r0
_sY
_tBOOK
_u2015-4-23
_xBIBLIOTECA
_zUNKNOWN
_0COMPRA
_o.STAFF. Colección General
949 _a220.6 A 6
_wDEWEY
_c2
_i27150
_lCCODEBUL1
_mBUL
_r0
_sY
_tBOOK
_u2015-6-16
_xTEOLOGIA
_zUNKNOWN
_0COMPRA
_o.STAFF. Colección General
994 _aC0
_bPEPRU
596 _a1
999 _a220.6 A 6
_wDEWEY
_c57135
_i54221
_lLOST
_mBUL
_r1
_sY
_tBOOK
_u2015-4-23
_xTEOLOGIA
_zUNKNOWN
_0COMPRA
_o.STAFF. Colección General
_d57135
999 _a220.6 A 6
_wDEWEY
_c2
_i27150
_f2021-11-9
_g5
_lCCODEBUL1
_mBUL
_r0
_sY
_tBOOK
_u2015-6-16
_xTEOLOGIA
_zUNKNOWN
_0COMPRA
_o.STAFF. Colección General
980 _81
_gALBERTO SANCHEZ Responsable de Automatización